El Evangelio según San Juan / Alfred Wikenhauser ; tr. por Florencio Galindo

Guardado en:
Bibliografiske detaljer
Hovedforfatter: Wikenhauser, Alfred (autor)
Andre forfattere: Galindo, Florencio (autor) (autor)
Format: Bog
Udgivelse:3a edición
Serier:Biblioteca Herder. Sección de Sagrada Escritura ; vol. 95
Fag:
Tags: Tilføj Tag
Ingen Tags, Vær først til at tagge denne postø!

MARC

LEADER 00000nam^a2200000^u^4500
001 000544289
005 20250521000000.0
008 060220s1000^^^^^^^^^^^^r^^^^^000^0^spa^d
009 20260310131324.842
022 |a 8425407419 
035 |a FMI 000013424 
037 |a Acervo Xavier Clavigero 
096 |a 1.2/2/C 
100 |a Wikenhauser, Alfred  |e (autor) 
245 1 3 |a El Evangelio según San Juan / Alfred Wikenhauser ; tr. por Florencio Galindo 
250 |a 3a edición 
264 |a Barcelona : Herder, 1978 
300 |a 530 p. 
336 |a texto  |b txt  |2 rdacontenido 
337 |a sin mediación  |b n  |2 rdamedio 
338 |a volumen  |b nc  |2 rdasoporte 
440 |a Biblioteca Herder. Sección de Sagrada Escritura ; vol. 95 
597 |a Trad. del alemán ("Das evangelium nach Johannes"). 
649 |a XX 
650 |a COMENTARIOS BIBLICOS 
740 1 3 |a Comentario de Ratisbona al Nuevo Testamento 
700 |a Galindo, Florencio  |e (autor) 
910 |a Fondo Francisco Migoya Covarrubias S.J. 
920 |a Impresos - Libros 
930 |a Fondos Especiales 
905 |a 134 
901 |a SBC00023  |b IT2  |c ESP  |u 20250521 
902 |a https://opac.biblio.iteso.mx/vufind/Record/000544289